[Event "?"]
[Site "?"]
[Date "????.??.??"]
[Round "?"]
[White "Koop, T."]
[Black "De Andres Gonalons, F."]
[Result "1-0"]
[WhiteElo "2194"]
[BlackElo "2013"]
[PlyCount "71"]
[EventDate "2014.??.??"]

1. Nf3 d5 2. g3 Nf6 3. Bg2 e6 4. O-O c5 5. d4 Nc6 6. c4 dxc4 7. dxc5 Qxd1 8.
Rxd1 Bxc5 9. Nbd2 c3 10. bxc3 e5 11. Ne1 Be6 12. Nd3 Bd6 13. Nb3 Rd8 14. Bg5 h6
15. Bxf6 gxf6 16. Nbc5 Bc8 17. Rdb1 Na5 18. Nxb7 Bxb7 19. Bxb7 Rb8 20. Bd5 Ke7
21. a4 Rhc8 22. Rb5 Nc6 23. Rab1 Nd8 24. c4 a6 25. Rxb8 Rxb8 26. Rxb8 Bxb8 27.
g4 a5 28. e4 Ne6 29. Bxe6 fxe6 30. Kg2 f5 31. Kf3 Kf6 32. Nc5 Bd6 33. Nb7 Bc7
34. c5 Kg5 35. gxf5 exf5 36. Nd6 1-0

[Event "?"]
[Site "?"]
[Date "????.??.??"]
[Round "?"]
[White "Wilhelm, T."]
[Black "Stigar, P."]
[Result "1/2-1/2"]
[WhiteElo "2013"]
[BlackElo "2228"]
[PlyCount "62"]
[EventDate "2014.??.??"]

1. d4 d5 2. Bf4 e6 3. e3 Bd6 4. Bxd6 Qxd6 5. c3 Nf6 6. Bd3 e5 7. dxe5 Qxe5 8.
Nf3 Qe7 9. O-O O-O 10. h3 Nbd7 11. Nbd2 Nc5 12. Bc2 Rd8 13. Qe2 b6 14. Nd4 Ba6
15. c4 Bb7 16. b4 Ne6 17. Nxe6 Qxe6 18. Qf3 Rab8 19. Qf5 Qxf5 20. Bxf5 d4 21.
Nb3 dxe3 22. fxe3 Re8 23. Rae1 Re5 24. Nd4 c5 25. bxc5 Rxc5 26. Bd3 Rd8 27. Rd1
Ba6 28. Nb3 Rcc8 29. Bf5 Ra8 30. Rc1 Nd7 31. Be4 Rac8 1/2-1/2

[Event "?"]
[Site "?"]
[Date "????.??.??"]
[Round "?"]
[White "Vogel, J."]
[Black "ter Steeg, M."]
[Result "1-0"]
[WhiteElo "2224"]
[BlackElo "1959"]
[PlyCount "65"]
[EventDate "2014.??.??"]

1. d4 Nf6 2. Nf3 e6 3. c4 Nc6 4. g3 Bb4+ 5. Nbd2 d5 6. Qc2 a5 7. a3 Be7 8. Bg2
a4 9. O-O O-O 10. Rd1 Bd7 11. e4 dxe4 12. Nxe4 Nxe4 13. Qxe4 Na5 14. Ne5 Bd6
15. Bd2 Bxe5 16. Bxa5 Bxg3 17. hxg3 Rxa5 18. Qxb7 Qb8 19. Qb4 Ra6 20. Rac1 Rb6
21. Qe7 Qd8 22. Qxd8 Rxd8 23. d5 Be8 24. c5 Rxb2 25. d6 cxd6 26. Rxd6 Rc8 27.
c6 Rb6 28. Rd4 Kf8 29. Rxa4 Rc7 30. Rb4 Rbxc6 31. Bxc6 Rxc6 32. Rxc6 Bxc6 33.
Rc4 1-0

[Event "?"]
[Site "?"]
[Date "????.??.??"]
[Round "?"]
[White "Schmalhorst, S."]
[Black "Karasik, E."]
[Result "0-1"]
[WhiteElo "1943"]
[BlackElo "2221"]
[PlyCount "96"]
[EventDate "2014.??.??"]

1. e4 c5 2. Nf3 Nc6 3. Nc3 e6 4. d4 cxd4 5. Nxd4 Nf6 6. g3 e5 7. Ndb5 d6 8. Bg5
a6 9. Na3 Be6 10. Bg2 Be7 11. Bxf6 Bxf6 12. O-O O-O 13. Nd5 Rc8 14. c3 Bxd5 15.
Qxd5 Qc7 16. Nc2 Bg5 17. h4 Bh6 18. Rad1 Rcd8 19. Bf3 Kh8 20. Qd3 g6 21. h5 Qe7
22. hxg6 hxg6 23. Na3 Qg5 24. Nc4 f5 25. Nxd6 Rf6 26. exf5 Rdxd6 27. Qc4 gxf5
28. Rxd6 Rxd6 29. Qf7 Rf6 30. Qxb7 f4 31. Qc8+ Bf8 32. Qg4 Qxg4 33. Bxg4 fxg3
34. fxg3 Rxf1+ 35. Kxf1 Kg7 36. b4 Kf6 37. Bc8 Nb8 38. Kf2 e4 39. a4 Ke5 40.
Bb7 Bh6 41. a5 Bd2 42. b5 axb5 43. a6 Bxc3 44. g4 Bd4+ 45. Ke2 b4 46. g5 b3 47.
g6 Nd7 48. Kd2 e3+ 0-1

[Event "?"]
[Site "?"]
[Date "????.??.??"]
[Round "?"]
[White "Barthel, A."]
[Black "Urban, K."]
[Result "1-0"]
[WhiteElo "2216"]
[BlackElo "1931"]
[PlyCount "55"]
[EventDate "2014.??.??"]

1. e4 c5 2. Nf3 d6 3. d4 cxd4 4. Nxd4 Nf6 5. Nc3 a6 6. f4 e6 7. Qf3 Qc7 8. Be3
b5 9. Bd3 Bb7 10. g4 Nc6 11. g5 Nd7 12. O-O-O Nc5 13. Kb1 O-O-O 14. h4 Kb8 15.
h5 Be7 16. a3 Nxd4 17. Bxd4 e5 18. Be3 exf4 19. Qxf4 f6 20. g6 d5 21. exd5 Bxd5
22. Nxd5 Rxd5 23. Qf3 Rdd8 24. Bxc5 Bxc5 25. gxh7 Bd4 26. Rhe1 Be5 27. Bf5 Rde8
28. Rd7 1-0

[Event "?"]
[Site "?"]
[Date "????.??.??"]
[Round "?"]
[White "Hoffmann, T."]
[Black "Löwe, L."]
[Result "0-1"]
[WhiteElo "1961"]
[BlackElo "2216"]
[PlyCount "56"]
[EventDate "2014.??.??"]

1. e4 c6 2. d4 d5 3. e5 Bf5 4. Nf3 e6 5. Be2 Ne7 6. O-O c5 7. Nbd2 Nec6 8. Nb3
Nd7 9. c3 Be7 10. Bf4 O-O 11. Qd2 Rc8 12. Rac1 c4 13. Na1 b5 14. Nc2 a5 15. b3
Nb6 16. Rb1 b4 17. bxc4 dxc4 18. cxb4 Nxb4 19. Nfe1 c3 20. Qc1 Nxa2 21. Qd1 Nd5
22. Be3 Nab4 23. Ra1 Nxc2 24. Nxc2 Nb4 25. Na3 Qd5 26. Bf3 c2 27. Qd2 Qb3 28.
Be2 Nd3 0-1

[Event "?"]
[Site "?"]
[Date "????.??.??"]
[Round "?"]
[White "Namyslo, H."]
[Black "Bassetti, D."]
[Result "1-0"]
[WhiteElo "2211"]
[BlackElo "1965"]
[PlyCount "81"]
[EventDate "2014.??.??"]

1. e4 e5 2. Nf3 Nc6 3. Bc4 Be7 4. d3 Nf6 5. c3 O-O 6. Qe2 d6 7. Bb3 a5 8. Nbd2
b5 9. Nf1 a4 10. Bc2 Re8 11. Ne3 Bf8 12. O-O Ba6 13. Rd1 Na5 14. Nd5 Nxd5 15.
exd5 Bb7 16. c4 Ba6 17. b4 axb3 18. axb3 c5 19. Qe4 g6 20. Bg5 Be7 21. Bxe7
Rxe7 22. Qh4 Bc8 23. cxb5 Bb7 24. Ng5 f6 25. Ne4 Rf7 26. Nc3 g5 27. Qh5 Bc8 28.
Ra4 Rfa7 29. Rda1 Bf5 30. h4 Bg6 31. Qg4 h5 32. Qe6+ Kg7 33. hxg5 fxg5 34. Qh3
g4 35. Qe3 Qc7 36. Qg5 Kf7 37. Ne4 Bxe4 38. Rxe4 Rh8 39. Qf5+ Kg7 40. Raa4 Rh6
41. Rxg4+ 1-0

[Event "?"]
[Site "?"]
[Date "????.??.??"]
[Round "?"]
[White "Weber, B."]
[Black "Peredy, F."]
[Result "1/2-1/2"]
[WhiteElo "1947"]
[BlackElo "2210"]
[PlyCount "88"]
[EventDate "2014.??.??"]

1. e4 c6 2. d4 d5 3. exd5 cxd5 4. Bd3 Nc6 5. c3 Nf6 6. Bf4 Bg4 7. Ne2 e6 8. Nd2
Be7 9. O-O O-O 10. Re1 Re8 11. Qb3 Na5 12. Qc2 Bh5 13. Bg3 Bg6 14. Bxg6 hxg6
15. Nf4 Rc8 16. Re2 Qb6 17. Nf3 Ne4 18. Ne5 Bd6 19. Nfd3 Re7 20. Rae1 Rec7 21.
Qa4 Nc4 22. Nxc4 Rxc4 23. Qb3 Bxg3 24. hxg3 Qa6 25. Nb4 Qa5 26. Nd3 b5 27. a3
Qb6 28. Ne5 R4c7 29. Nd3 a5 30. Ra1 Qa6 31. Qd1 Qd6 32. Qe1 Rb8 33. Rd1 g5 34.
Rc1 Rb6 35. Rec2 g4 36. Qe2 f5 37. Qe3 g5 38. Nc5 Rg7 39. Nxe4 dxe4 40. c4 bxc4
41. Rxc4 Rxb2 42. Rc6 Qd5 43. R1c5 Qa2 44. Rc7 Rb1+ 1/2-1/2

[Event "?"]
[Site "?"]
[Date "????.??.??"]
[Round "?"]
[White "Reinemer, F."]
[Black "Sand, R."]
[Result "1-0"]
[WhiteElo "2203"]
[BlackElo "1958"]
[PlyCount "125"]
[EventDate "2014.??.??"]

1. d4 Nf6 2. c4 g6 3. Nc3 d5 4. cxd5 Nxd5 5. e4 Nxc3 6. bxc3 Bg7 7. Bc4 c5 8.
Ne2 Nc6 9. Be3 O-O 10. O-O Qc7 11. Rc1 b6 12. f4 e6 13. Qe1 Bb7 14. Qf2 Na5 15.
Bd3 c4 16. Bc2 f5 17. h4 Nc6 18. Rce1 Ne7 19. Bc1 Rfe8 20. Ba3 Rad8 21. h5 Kf7
22. d5 fxe4 23. d6 Rxd6 24. hxg6+ hxg6 25. Bxd6 Qxd6 26. Rd1 Qc7 27. Ba4 Bc6
28. Bxc6 Qxc6 29. Nd4 Qc5 30. Ne2 e3 31. Qf3 Nd5 32. f5 gxf5 33. g4 Ne7 34.
gxf5 exf5 35. Rd7 Kg8 36. Rxa7 Qd6 37. Qxe3 Qg6+ 38. Qg3 Qxg3+ 39. Nxg3 Bxc3
40. Nxf5 Nxf5 41. Rxf5 Bd4+ 42. Kf1 c3 43. Rg5+ Kf8 44. Rf5+ Kg8 45. Rc7 Be5
46. Rc4 Bg7 47. Rg5 Kf8 48. Rc6 Bd4 49. Rg4 Bg7 50. Rf4+ Kg8 51. Rfc4 Rf8+ 52.
Ke2 Re8+ 53. Kd1 Rd8+ 54. Kc1 Rd2 55. a4 Ra2 56. Rxb6 Ra1+ 57. Rb1 Ra2 58. Rb8+
Kh7 59. Rb7 Kh6 60. Rc6+ Kh7 61. Rcc7 Rg2 62. Rxg7+ Rxg7 63. Rxg7+ 1-0

[Event "?"]
[Site "?"]
[Date "????.??.??"]
[Round "?"]
[White "Wichmann, C."]
[Black "Rudolf, T."]
[Result "1-0"]
[WhiteElo "2361"]
[BlackElo "2080"]
[PlyCount "77"]
[EventDate "2014.??.??"]

1. d4 d5 2. c4 c6 3. Nf3 Nf6 4. e3 Bf5 5. cxd5 cxd5 6. Qb3 Qc7 7. Bd2 e6 8. Nc3
a6 9. Rc1 Nc6 10. Ne5 Bd6 11. f4 O-O 12. Be2 Bxe5 13. fxe5 Ne4 14. Nxe4 Bxe4
15. O-O Qe7 16. Qb6 f6 17. exf6 Rxf6 18. Rxf6 gxf6 19. Rf1 Qg7 20. Bf3 Bd3 21.
Rf2 Rc8 22. Qb3 Bc4 23. Qc2 Ne7 24. Qb1 f5 25. Bb4 Ng6 26. Bd6 Qd7 27. Bg3 Qb5
28. h4 Bd3 29. Qd1 Be4 30. h5 Ne7 31. Kh2 Qc6 32. Qb3 b6 33. Qa3 Qb7 34. Qd6
Kf7 35. Qf4 Ng8 36. b3 Rc3 37. Bxe4 dxe4 38. Qe5 Rxe3 39. d5 1-0

[Event "?"]
[Site "?"]
[Date "????.??.??"]
[Round "?"]
[White "Herbrig, T."]
[Black "Syperek, S."]
[Result "0-1"]
[WhiteElo "1953"]
[BlackElo "2198"]
[PlyCount "150"]
[EventDate "2014.??.??"]

1. d4 Nf6 2. Nf3 g6 3. c3 Bg7 4. Bf4 O-O 5. e3 d6 6. Be2 Nbd7 7. O-O Qe8 8. Na3
c6 9. Bg3 Ne4 10. Nc4 Nxg3 11. hxg3 d5 12. Ncd2 e5 13. dxe5 Nxe5 14. Nxe5 Qxe5
15. Bg4 f5 16. Be2 Be6 17. Nf3 Qf6 18. a4 Qe7 19. Qc2 Rfd8 20. Rfe1 h6 21. Nd4
Bf7 22. Bd3 c5 23. Nf3 Rac8 24. Nh4 Qf6 25. Rac1 a6 26. Bf1 Rc6 27. Qb1 d4 28.
cxd4 cxd4 29. exd4 Rxd4 30. Nf3 Rxa4 31. Rxc6 Qxc6 32. Ne5 Bxe5 33. Rxe5 Qd6
34. Re1 Rd4 35. Qc1 Kg7 36. Qc3 Qb4 37. Re7 Kf6 38. Rxb7 Qxc3 39. bxc3 Rd1 40.
Rc7 a5 41. f4 a4 42. Kf2 a3 43. Rc6+ Ke7 44. Rc7+ Rd7 45. Rc5 Ra7 46. Re5+ Kd6
47. Re1 a2 48. Ra1 Kc5 49. Ke3 Bc4 50. Bd3 Re7+ 51. Kf2 Bxd3 52. Rxa2 Re6 53.
Rd2 Kc4 54. Ra2 Kxc3 55. Ra3+ Kd4 56. Ra2 Rc6 57. Ra4+ Bc4 58. Ra7 Rb6 59. Rg7
Bd5 60. Kg1 Ke3 61. Kh2 Kf2 62. Rd7 Be4 63. Rd2+ Ke3 64. Ra2 Rd6 65. Ra3+ Rd3
66. Ra6 Rd2 67. Ra3+ Kd4 68. Ra4+ Kc3 69. Ra6 Rxg2+ 70. Kh3 Rg1 71. g4 Rxg4 72.
Re6 Kd3 73. Rb6 Ke3 74. Rb2 Kxf4 75. Rd2 g5 0-1

[Event "?"]
[Site "?"]
[Date "????.??.??"]
[Round "?"]
[White "Grigorian, S."]
[Black "Jacob, T."]
[Result "1-0"]
[WhiteElo "2183"]
[BlackElo "1952"]
[PlyCount "93"]
[EventDate "2014.??.??"]

1. d4 Nf6 2. c4 g6 3. Nc3 Bg7 4. e4 d6 5. Nf3 O-O 6. Be2 e5 7. O-O Nc6 8. d5
Ne7 9. Ne1 Nd7 10. Nd3 f5 11. Bd2 Nf6 12. f3 f4 13. c5 g5 14. Rc1 Ng6 15. Nb5
Rf7 16. Ba5 b6 17. cxd6 cxd6 18. Be1 g4 19. Nb4 gxf3 20. Bxf3 Bf8 21. Nc6 Qe8
22. Bb4 Rd7 23. Qc2 Nh4 24. Ncxa7 Rdxa7 25. Nxa7 Ba6 26. Nc6 Bxf1 27. Rxf1 Qg6
28. Kh1 Kh8 29. Qf2 Nxf3 30. gxf3 Nd7 31. Qh4 Qf6 32. Qg4 Nc5 33. Rg1 Bg7 34.
Bxc5 bxc5 35. a3 Qf8 36. Qd7 Bf6 37. a4 Bd8 38. Qb7 Bh4 39. a5 Re8 40. a6 c4
41. Rg2 Rc8 42. Rg7 h6 43. Rf7 Qg8 44. Rh7+ Qxh7 45. Qxc8+ Kg7 46. Qd7+ Kg8 47.
Qxh7+ 1-0

[Event "?"]
[Site "?"]
[Date "????.??.??"]
[Round "?"]
[White "Ivanov, A."]
[Black "Hansch, K."]
[Result "0-1"]
[WhiteElo "1951"]
[BlackElo "2181"]
[PlyCount "33"]
[EventDate "2014.??.??"]

1. e4 c5 2. Nf3 d6 3. Bb5+ Bd7 4. Bxd7+ Nxd7 5. c4 Ngf6 6. Nc3 g6 7. d4 cxd4 8.
Nxd4 Bg7 9. Be3 a6 10. a4 Rc8 11. b3 Qa5 12. Bd2 Nxe4 13. Nxe4 Qe5 14. Qb1 Nc5
15. O-O Qxe4 16. Bc3 Qxb1 17. Raxb1 0-1

[Event "?"]
[Site "?"]
[Date "????.??.??"]
[Round "?"]
[White "Stabolewski, A."]
[Black "Herbrig, A."]
[Result "1/2-1/2"]
[WhiteElo "2181"]
[BlackElo "1880"]
[PlyCount "152"]
[EventDate "2014.??.??"]

1. Nf3 c5 2. c4 Nc6 3. d4 cxd4 4. Nxd4 g6 5. e4 Bg7 6. Be3 Nf6 7. Nc3 O-O 8.
Be2 d6 9. O-O Nd7 10. Rc1 Nc5 11. f3 Bd7 12. Nb3 Nxb3 13. axb3 Be6 14. f4 Qd7
15. Bf3 Rac8 16. Rf2 Rfd8 17. Rd2 Qe8 18. Ra1 Bh6 19. Nd5 b6 20. Kh1 Qf8 21.
Rd3 f5 22. Qe2 Qg7 23. g3 Bf7 24. exf5 gxf5 25. Qg2 Be8 26. Re1 e5 27. Rd2 e4
28. Bd1 Bd7 29. b4 Be6 30. b5 Bxd5 31. Rxd5 Ne7 32. Rd2 Qg6 33. Bb3 Kh8 34.
Red1 Bg7 35. Qf2 Qe8 36. Rxd6 Rxd6 37. Rxd6 Rd8 38. Qd2 Rxd6 39. Qxd6 Nc8 40.
Qd5 Ne7 41. Qd6 Nc8 42. Qd2 Bf6 43. Bd1 Qe7 44. b4 Qd6 45. Qxd6 Nxd6 46. Be2
Bd8 47. c5 Ne8 48. Bd4+ Kg8 49. Bc4+ Kf8 50. Be6 Nc7 51. Bxf5 Nxb5 52. Be3 h6
53. Bxe4 Nc3 54. Bf3 Kf7 55. f5 bxc5 56. Bxc5 Bb6 57. Bxb6 axb6 58. g4 Kf6 59.
Kg2 b5 60. Bc6 Na2 61. Bxb5 Nxb4 62. Kg3 Kg5 63. Bd7 Nd3 64. Bb5 Nb4 65. h4+
Kf6 66. Bd7 Nd3 67. Bc8 Nc5 68. Kf3 Nd3 69. Ba6 Nc5 70. Be2 h5 71. Kf4 hxg4 72.
Kxg4 Nd7 73. h5 Ne5+ 74. Kf4 Nf7 75. Bd3 Nh6 76. Be4 Nxf5 1/2-1/2

[Event "?"]
[Site "?"]
[Date "????.??.??"]
[Round "?"]
[White "Schellmann, F."]
[Black "Satyapragyan, S."]
[Result "0-1"]
[WhiteElo "2090"]
[BlackElo "2401"]
[PlyCount "66"]
[EventDate "2014.??.??"]

1. e4 c5 2. c3 d6 3. d4 Nf6 4. Bd3 g6 5. Nf3 Bg7 6. O-O O-O 7. h3 Qc7 8. Qe2 e5
9. dxe5 dxe5 10. a4 Nc6 11. Na3 h6 12. Be3 Qe7 13. Nc4 Nh5 14. Nfd2 Nd4 15. Qd1
Ne6 16. Re1 Nef4 17. Bf1 Rd8 18. Qb1 b6 19. b4 cxb4 20. cxb4 Ne6 21. b5 Nd4 22.
a5 Rb8 23. axb6 axb6 24. Kh2 Nf4 25. Ra4 Qe8 26. Rc1 Nfe6 27. Na3 Qe7 28. Qb2
Nc5 29. Rb4 Bf8 30. Rbc4 Be6 31. Nab1 Bxc4 32. Nxc4 Nxe4 33. f4 Bg7 0-1

[Event "?"]
[Site "?"]
[Date "????.??.??"]
[Round "?"]
[White "Riegler, D."]
[Black "Pirrot, D."]
[Result "0-1"]
[WhiteElo "2085"]
[BlackElo "2389"]
[PlyCount "70"]
[EventDate "2014.??.??"]

1. d4 Nf6 2. c4 g6 3. Nc3 Bg7 4. e4 d6 5. Nf3 O-O 6. h3 Na6 7. Be3 e5 8. d5 Nh5
9. g3 Qe8 10. Be2 f5 11. exf5 gxf5 12. Ng5 Nf6 13. g4 f4 14. Bd2 Qg6 15. Ne6
Bxe6 16. dxe6 Nb4 17. Rc1 Rae8 18. a3 Nd3+ 19. Bxd3 Qxd3 20. Qe2 Qg6 21. Nd5 f3
22. Qe3 Nxd5 23. cxd5 Rf4 24. Qb3 Rd4 25. Be3 Rd3 26. Rc3 Rxc3 27. Qxc3 Qb1+
28. Bc1 Qe4+ 29. Be3 c6 30. O-O Qxd5 31. Bxa7 e4 32. Qc2 Qxe6 33. Be3 d5 34.
Re1 Qf6 35. b4 Qh4 0-1

[Event "?"]
[Site "?"]
[Date "????.??.??"]
[Round "?"]
[White "Nguyen, H."]
[Black "Bohn, U."]
[Result "1/2-1/2"]
[WhiteElo "1909"]
[BlackElo "2167"]
[PlyCount "77"]
[EventDate "2014.??.??"]

1. e4 g6 2. d4 Bg7 3. Nc3 d6 4. Be3 a6 5. a4 Nf6 6. Qd2 Nc6 7. Nf3 h6 8. h3 g5
9. d5 Nb4 10. O-O-O c5 11. e5 Nd7 12. e6 fxe6 13. dxe6 Nf6 14. Bxc5 Nc6 15. Qe3
Qa5 16. Bb6 Qb4 17. Bd3 O-O 18. Bg6 Kh8 19. Bf7 Bd7 20. Bd4 Be8 21. Bxe8 Rfxe8
22. h4 g4 23. Nd5 Qxa4 24. Nxf6 exf6 25. Nh2 Rac8 26. Bxf6 Bxf6 27. Qxh6+ Kg8
28. Qxf6 Ne5 29. Qg5+ Kh8 30. Qh6+ Kg8 31. Qg5+ Kh7 32. Qf5+ Kg7 33. Rxd6 Qa1+
34. Kd2 Qa5+ 35. Kd1 Qa1+ 36. Ke2 Qxb2 37. Qg5+ Kf8 38. Qf6+ Kg8 39. Qg5+
1/2-1/2

[Event "?"]
[Site "?"]
[Date "????.??.??"]
[Round "?"]
[White "Schnoor, E."]
[Black "Nägele, H."]
[Result "1-0"]
[WhiteElo "2165"]
[BlackElo "1901"]
[PlyCount "47"]
[EventDate "2014.??.??"]

1. e4 g6 2. d4 Bg7 3. Nc3 d6 4. Be2 Nd7 5. Nf3 h6 6. Be3 e6 7. Qd2 a6 8. O-O
Ne7 9. Rfe1 g5 10. h3 Ng6 11. Bf1 O-O 12. Nh2 c5 13. Rad1 Qa5 14. Ng4 f5 15.
exf5 exf5 16. Nxh6+ Bxh6 17. Bxg5 Bg7 18. Bc4+ Kh7 19. Qe2 Nf6 20. Nd5 Ng8 21.
Qh5+ Nh6 22. Ne7 Nh8 23. Ng8 Rxg8 24. Re7 1-0

[Event "?"]
[Site "?"]
[Date "????.??.??"]
[Round "?"]
[White "Schwarz, L."]
[Black "Tennert, S."]
[Result "0-1"]
[WhiteElo "1933"]
[BlackElo "2153"]
[PlyCount "76"]
[EventDate "2014.??.??"]

1. e4 e5 2. Nf3 Nc6 3. Bb5 Nf6 4. O-O Bc5 5. c3 O-O 6. Re1 d6 7. d4 Bb6 8. h3
Bd7 9. a4 a6 10. Bc4 h6 11. Be3 exd4 12. Bxd4 Nxd4 13. cxd4 c6 14. e5 Nd5 15.
Nc3 dxe5 16. Nxe5 Be6 17. Ne4 Nc7 18. Nc5 Bxc5 19. dxc5 Qg5 20. Bxe6 Nxe6 21.
Rc1 Rad8 22. Qg4 Qxg4 23. Nxg4 Rd5 24. b4 Rfd8 25. Ne3 Rd4 26. Rb1 Nf4 27. Nf5
Rd2 28. Nd6 Rd7 29. Red1 Ra2 30. Ra1 Rxa1 31. Rxa1 Nd3 32. Rb1 a5 33. Rb3 Nxb4
34. Re3 Na6 35. Nc4 Nxc5 36. Nxa5 Nxa4 37. Re8+ Kh7 38. Rb8 Nc5 0-1

[Event "?"]
[Site "?"]
[Date "????.??.??"]
[Round "?"]
[White "Viebahn, D."]
[Black "Otikova, E."]
[Result "1-0"]
[WhiteElo "2163"]
[BlackElo "1928"]
[PlyCount "85"]
[EventDate "2014.??.??"]

1. e4 e5 2. Nf3 Nc6 3. d4 exd4 4. Nxd4 Qf6 5. c3 Bc5 6. Be3 Nge7 7. Bc4 Ne5 8.
Be2 d6 9. O-O Qg6 10. f4 Qxe4 11. Bf2 Qxf4 12. Nb5 Ng4 13. Bxg4 Bxf2+ 14. Rxf2
Qxg4 15. Nxc7+ Kd8 16. Qxg4 Bxg4 17. Nxa8 Be6 18. Na3 Kd7 19. Nb5 Rxa8 20. Rd2
d5 21. c4 Kc6 22. Nd4+ Kc5 23. cxd5 Bxd5 24. Rc1+ Kb6 25. Nf5 Nxf5 26. Rxd5 g6
27. g4 Ne3 28. Rd6+ Kb5 29. Rd7 f5 30. Rxb7+ Ka6 31. Rxh7 Rd8 32. gxf5 gxf5 33.
Rf7 Rg8+ 34. Kh1 Rg4 35. Rc6+ Kb5 36. Re6 Nd1 37. Rxf5+ Kc4 38. h3 Rh4 39. b3+
Kd4 40. Rf3 a5 41. Kg2 Nc3 42. Rg6 a4 43. bxa4 1-0

[Event "?"]
[Site "?"]
[Date "????.??.??"]
[Round "?"]
[White "Nosek, R."]
[Black "Hart, M."]
[Result "0-1"]
[WhiteElo "1900"]
[BlackElo "2155"]
[PlyCount "72"]
[EventDate "2014.??.??"]

1. d4 b5 2. e4 a6 3. Bd3 Bb7 4. Nf3 e6 5. O-O c5 6. c3 Qc7 7. Bg5 d6 8. Nbd2 c4
9. Bc2 Nd7 10. Re1 h6 11. Bh4 e5 12. Qe2 Ne7 13. Bg3 Ng6 14. Rec1 Be7 15. b3
cxb3 16. Bxb3 O-O 17. dxe5 dxe5 18. Nd4 Nc5 19. Nf5 Rad8 20. Qh5 Kh7 21. Rc2
Bf6 22. h4 Rd3 23. c4 Qa5 24. Qe2 Rfd8 25. h5 Rxd2 26. Rxd2 Rxd2 27. hxg6+ fxg6
28. Qe3 Nxb3 29. axb3 gxf5 30. exf5 bxc4 31. bxc4 e4 32. Rb1 Rd7 33. Qf4 Qa2
34. Rb6 Qxc4 35. Qb8 Qf7 36. Re6 Rd1+ 0-1

[Event "?"]
[Site "?"]
[Date "????.??.??"]
[Round "?"]
[White "Baskin, R."]
[Black "Renger, N."]
[Result "1-0"]
[WhiteElo "2152"]
[BlackElo "1821"]
[PlyCount "161"]
[EventDate "2014.??.??"]

1. e4 c5 2. Nf3 d6 3. d4 cxd4 4. Nxd4 Nf6 5. Nc3 g6 6. Be3 Bg7 7. f3 O-O 8. Qd2
Nc6 9. O-O-O d5 10. exd5 Nxd5 11. Nxc6 bxc6 12. Bd4 e5 13. Bc5 Be6 14. Ne4 Rb8
15. c4 Nb6 16. Qc2 Qc8 17. Bd6 Qa6 18. Qb3 Bh6+ 19. Kb1 Nd7 20. Nf6+ Kh8 21.
Bxb8 Rxb8 22. Qxb8+ Nxb8 23. Rd8+ Bf8 24. Rxf8+ Kg7 25. Rxb8 Kxf6 26. Rb3 Bf5+
27. Bd3 Qxc4 28. Bxf5 Kxf5 29. Rc3 Qe2 30. Rc2 Qd3 31. Rhc1 a5 32. Ka1 a4 33.
a3 h5 34. Rxc6 h4 35. R6c3 Qd2 36. R3c2 Qd3 37. h3 f6 38. Rc3 Qd2 39. R1c2 Qd5
40. Rc4 g5 41. Ka2 Kg6 42. b3 axb3+ 43. Kxb3 Qb5+ 44. Rb4 Qd5+ 45. Kb2 Kf5 46.
a4 Kg6 47. Rbc4 Kf5 48. Rc5 Qd4+ 49. Kb3 Qd3+ 50. Ka2 Qd4 51. Kb3 Qd3+ 52. Kb4
Qd4+ 53. Kb5 Qd7+ 54. Rc6 Qb7+ 55. Kc5 Qa7+ 56. Kb4 Qd4+ 57. Kb5 Qd5+ 58. Ka6
Qd8 59. a5 Qa8+ 60. Kb5 Qb7+ 61. Rb6 Qd7+ 62. Rbc6 Qd3+ 63. R2c4 Qb3+ 64. Kc5
Qe3+ 65. Kd6 Qa7 66. a6 Qb8+ 67. Kc5 Qa7+ 68. Kb5 Qb8+ 69. Rb6 Qe8+ 70. Rcc6
Qd7 71. Rb7 Qd5+ 72. Kb6 Qd8+ 73. Rbc7 Qb8+ 74. Kc5 Qb3 75. a7 Qa3+ 76. Kb6
Qb4+ 77. Ka6 Qa4+ 78. Kb7 Qb5+ 79. Kc8 Qa4 80. Rb6 Qa5 81. Rcc6 1-0